Statistics for Звездине звезде/ zvezdine zvezde

Click here to take the quiz!

General Stats

  • This quiz has been taken 193 times
  • The average score is 3 of 6

Answer Stats

HintAnswer% Correct
1Рајко Митић
96%
2Драгослав Шекуларац
59%
3Драган Џајић
50%
5Драган Стојковић Пикси
40%
4Владимир Петровић Пижон
36%
6Генерација 1991
22%

Score Distribution

Percentile by Number Answered

Percent of People with Each Score

Your Score History

You have not taken this quiz